000 01210nam a2200373 c 4500
001 52530
003 ES-MaCES
005 20250203134035.0
008 221114s2022 sp o000 ||spa d
017 _aGR 1160-2022
_bDL
020 _a9788413694313
040 _aES-MaCES
_bspa
_cES-MaCES
245 0 0 _aManual de Derecho del trabajo
_cJosé Luis Monereo Pérez ... [et al.]
250 _a20ª ed
260 _aGranada
_bComares
_c2022
300 _aXXVI, 765 p.
_c24 cm
490 1 _aBiblioteca Comares de ciencia jurídica
490 1 _aComares manuales
500 _aRepertorio de Jurisprudencia: p.747-761
541 _cCompra
650 4 _aderecho del trabajo
_927165
650 4 _anegociación colectiva
_928362
650 4 _arelaciones laborales
_928369
650 4 _acondiciones de trabajo
_928327
650 4 _aEspaña
_926964
650 4 _amanual
_929264
653 1 0 _aDerecho del trabajo y Seguridad Social
700 1 _aMonereo Pérez, José Luis
_918830
775 0 _tManual de Derecho del trabajo
_w(ES-MaCES)51584
830 0 _932174
_aBiblioteca Comares de ciencia jurídica
830 0 _934411
_aComares manuales
902 _aLIB Libro
942 _2CES
_cBK
_h6.0.1.
999 _c52530
_d52530